000 00656nam a2200265Ia 4500
005 20260121161357.0
008 008 260114s9999 xx 000 0 eng d
020 _a9781003347705
037 _aEBOOK
040 _aCRL
040 _beng
040 _cCRL
041 _2eng
041 _aeng
084 _qCRL
100 _aDrug Repurposing and Computational Drug Discovery
_91043797
245 0 _aMithun Rudrapal
260 _bTaylor and Francis
260 _c2024
650 _aBioinformatics
_91043798
856 _uhttp://www.taylorfrancis.com/books/9781003347705
942 _cEBOOK
999 _c1610304
_d1610304